[Event "IND-ch U17 Girls 20th"]
[Site "Chakradharpur"]
[Date "2009.10.11"]
[Round "7"]
[White "Soukhin, Pramanik"]
[Black "Sunyasakta, Satpathy"]
[Result "1-0"]
[WhiteElo "1847"]
[BlackElo "1780"]
[PlyCount "65"]
[EventDate "2009.10.07"]
[EventType "swiss"]
[EventRounds "11"]
[EventCountry "IND"]
[SourceTitle "CBM 132 Extra"]
[Source "ChessBase"]
[SourceDate "2009.11.03"]
[SourceVersion "1"]
[SourceVersionDate "2009.11.03"]
[SourceQuality "1"]

1. e4 e5 2. Nc3 Nf6 3. f4 d6 4. Nf3 Nc6 5. Bc4 Bg4 6. h3 Bxf3 7. Qxf3 Nd4 8. Qd1 b5 9. Bd3 b4 10. Ne2 Nh5 11. 0-0 Nxe2+ 12. Bxe2 Nxf4 13. Bb5+ Ke7 14. d4 Ne6 15. dxe5 dxe5 16. Qf3 f6 17. c3 Rb8 18. Rd1 Nd4 19. cxd4 Rxb5 20. dxe5 Qe8 21. exf6+ gxf6 22. Be3 Rg8 23. Rac1 c6 24. Bc5+ Kf7 25. Qf5 Rg7 26. Qf2 Qxe4 27. Rd7+ Ke8 28. Rd4 Rxg2+ 29. Qxg2 Qe3+ 30. Kh2 Qxc1 31. Qxc6+ Kf7 32. Qd7+ Kg8 33. Qe6+ 1-0

[Event "IND-ch U17 Girls 20th"]
[Site "Chakradharpur"]
[Date "2009.10.08"]
[Round "2"]
[White "Bharathi, R."]
[Black "Soukhin, Pramanik"]
[Result "1-0"]
[WhiteElo "2160"]
[BlackElo "1847"]
[PlyCount "83"]
[EventDate "2009.10.07"]
[EventType "swiss"]
[EventRounds "11"]
[EventCountry "IND"]
[SourceTitle "CBM 132 Extra"]
[Source "ChessBase"]
[SourceDate "2009.11.03"]
[SourceVersion "1"]
[SourceVersionDate "2009.11.03"]
[SourceQuality "1"]

1. e4 e5 2. Nf3 Nc6 3. Bb5 a6 4. Ba4 Nf6 5. 0-0 Bc5 6. c3 b5 7. Bc2 d6 8. d4 exd4 9. cxd4 Bb6 10. h3 0-0 11. Bg5 Bb7 12. Nc3 Nb4 13. Bb3 c5 14. dxc5 dxc5 15. a3 Qxd1 16. Raxd1 Nc6 17. e5 Ne8 18. Nd5 Bd8 19. Bxd8 Rxd8 20. Ne7+ Kh8 21. Bd5 Nxe7 22. Bxb7 Nc7 23. Rd6 a5 24. Rfd1 Ne6 25. Ng5 Rb8 26. Nxe6 fxe6 27. Be4 Nc8 28. Rxe6 Nb6 29. Re7 b4 30. axb4 axb4 31. e6 Rbd8 32. Rxd8 Rxd8 33. Rb7 Nc4 34. e7 Rc8 35. Rd7 Re8 36. Rd8 Nd6 37. Bc6 Kg8 38. Bxe8 Nxe8 39. Rxe8+ Kf7 40. Rc8 Kxe7 41. Rxc5 g6 42. Rb5 1-0